Memoria histórica del pueblo de Dios en la Diócesis de Iquique en sus noventa años.

Sparad:
Bibliografiska uppgifter
Huvudupphovsman: Rovegno Suárez, Juan Ramón Fr., O.F.M (autor)
Övriga upphovsmän: Ruz Vallejos, María Alejandra, Alcalá Acevedo, María de la Luz, Caqueo Contreras, Víctor, Fajardo Rojas, Guillermo (presentación)
Materialtyp: Bok
Publicerad: Iquique, Chile: Grupo de Estudio Eclesiástico del Norte (GEEN), 2022.
Ämnen:
Taggar: Lägg till en tagg
Inga taggar, Lägg till första taggen!

MARC

LEADER 00000nam a22000007a 4500
003 CL-VaPUC
005 20241126092559.0
008 230328t2022 ||||| |||| 00| 0 eng d
999 |c 440366  |d 440364 
020 |a 978-956-410-323-5 
040 |c Pontificia Universidad Católica de Valparaíso 
082 0 4 |2 21  |a 278.3127 ROV 2022 
100 |a Rovegno Suárez, Juan Ramón  |c Fr., O.F.M.  |e autor  |9 365257 
245 1 0 |a Memoria histórica del pueblo de Dios en la Diócesis de Iquique en sus noventa años. 
260 |a Iquique, Chile:  |b Grupo de Estudio Eclesiástico del Norte (GEEN),  |c 2022. 
300 |a 139 páginas. 
500 |a c.1 Donación Padre Cristian Eichin. Memo 1/2023 
583 |c 20230328  |k Catalogador Asistente 
610 |a Diócesis de Iquique  |x Testimonios  |9 881060 
650 1 |a Historia de la Iglesia  |z Iquique  |9 881061 
700 |a Ruz Vallejos, María Alejandra  |9 881062 
700 |a Alcalá Acevedo, María de la Luz  |9 881063 
700 |a Caqueo Contreras, Víctor  |9 881064 
700 |a Fajardo Rojas, Guillermo  |e presentación  |9 881065 
942 |2 ddc  |c BK 
952 |0 0  |1 0  |2 ddc  |4 0  |6 278_312700000000000_ROV_2022  |7 0  |8 A  |9 589324  |a BIBTEO  |b BIBTEO  |d 2023-03-28  |e Donación  |i 5656890  |o 278.3127 ROV 2022  |p 5656890  |r 2025-01-17  |t 1  |w 2023-03-28  |y BK  |k ICR